Précis de technique opératoire : par les prosecteurs de la faculté de médicine de Paris : chirurgie du thorax et du membre supérieur /

Spremljeno u:
Bibliografski detalji
Glavni autor: Schwartz, A (autor)
Format: Knjiga
Jezik:francuski
Izdano: París, Francia : Masson, 1918, c1918
Izdanje:4a edición
Serija:[Précis de Technique Opératoire ; 2)
Teme:
Oznake: Dodaj oznaku
Bez oznaka, Budi prvi tko označuje ovaj zapis!

MARC

LEADER 00000nam^a2200000^a^4500
001 000365661
005 20250526000000.0
009 20260310115650.679
037 |a Acervo ITESO - Biblioteca 
041 |a FRA 
082 |a 617. 5  |b PRE V. 2 
100 |a Schwartz, A  |e (autor) 
240 1 1 |a [Précis de technique opératoire] 
245 1 0 |a Précis de technique opératoire :  |b par les prosecteurs de la faculté de médicine de Paris : chirurgie du thorax et du membre supérieur /  |c A. Schwartz. 
250 |a 4a edición 
264 4 |a París, Francia :  |b Masson,  |c 1918, c1918 
300 |a XIX, 175 p. ;  |c 19.5 cm. 
336 |a texto  |b txt  |2 rdacontenido 
337 |a sin mediación  |b n  |2 rdamedio 
338 |a volumen  |b nc  |2 rdasoporte 
440 1 |a [Précis de Technique Opératoire ;  |v 2) 
561 |a Ex libris de Arturo Chávez Hayhoe 
561 |a Ex libris de Bibl. Magnopontanae Domus Scti. Ioseph. Prov. Mex. Sept. S.I. 
649 |a XX 
650 |a Torax -  |x Cirugía -  |x Tema Principal 
650 |a Anatomía Humana 
650 |a Cirugía -  |x Tema Principal 
650 |a Salud 
650 |a Medicina 
910 |a Fondo General 
920 |a Impresos - Libros 
930 |a Libros Antiguos y Raros 
905 |a 108 
901 |a 0500259845  |b IT2  |c LRA  |i D75138  |u 20250526 
902 |a https://opac.biblio.iteso.mx/vufind/Record/000365661